00842nam a2200169 a 450000100100000000500170001000800410002704000250006808200150009324501740010826000300028230000280031271000830034095201130042395201190053699900170065500001660320200929164932.0100308s19uu dr a r 000 0 spa d aDO-SdBNPbspacBNPHU axxxbB195j00aBaloncesto para los jóvenes :bpreparación diferenciada durante las etapas de desarrollo para adecuar a los jóvenes a un entrenamiento especializado de baloncesto. aSanto Domingo :bSEDEFIR. a140 p. :bil. ;c22 cm.2 aSecretaría de Estado de Deportes, Educación Física y Recreación936895 0010718PDaPDbPDcHDd2010-03-08iLF1l0oxxx B195jp16603-10r2020-06-25w2020-06-25yLFPDZNo se presta 0010718PDaPDbPDcHDd2018-08-06iLF1l0oxxx B195jp16603-20r2020-06-25te. 2w2020-06-25yLFPDZNo se presta c16136d16136